Responses for show #7662 - Tuesday, December 26, 2017

Contestants

Ami Li, a freelance writer from Lyme, Connecticut

Cary Bonnell, a project manager from Oblong, Illinois

Natalie Ballas, a dentist from Tualatin, Oregon (whose 1-day cash winnings total $12,400)

Jeopardy! Round responses

GREEK LETTER PHRASES
TV MOVIES
STATES BY COUNTIES
"MORE" THAN A CATEGORY
FAMOUS FIRST NAMES AS VERBS
ON BOXING DAY
    $200 18
a beta test

Cary
    $200 15
Dirty Dancing

Natalie
    $200 2
Massachusetts

Ami
    $200 1
(Natalie: What is "Please sir, may I have some more?")

"Please, sir, I want some more"

Natalie
Triple Stumper
    $200 9
sue

Cary
    $200 26
(Alex: Less than a minute now.)

the Boston Red Sox

Cary
    $400 22
an alpha dog

Natalie
    $400 16
Clarence Thomas

Ami
    $400 3
Pennsylvania

Natalie
    $400 6
"Baby One More Time"

Natalie
    $400 10
chase

Cary
    $400 27
Trenton

Cary
    $600 23
Catherine Zeta-Jones

Ami
    $600 17
The Tuskegee Airmen

Natalie
    $600 4
Virginia

Ami
    $600 7
Morehouse

Cary
    $600 11
carol

Ami
    $600 28
"I Wanna Hold Your Hand"

Cary
    $1,600 24
(Alex: Ami?)
(Ami: What is FedEx?)

Delta Airlines

Ami
    $800 19
Tom Selleck

Cary
    $800 5
Georgia

Natalie
    $800 8
a more perfect union

Natalie
    $800 14
josh

Natalie
    $800 29
Kwanzaa

Cary
    $1000 25
(Cary: What is Andromeda?)

Eta Carinae

Cary
Triple Stumper
    $1000 20
The Burning Bed

Cary
    $1000 12
Illinois

Cary
    $1000 13
the more, the merrier

Triple Stumper
    $1000 21
grace

Ami
    $1000 30
the Battle of the Bulge

Cary

Scores at the first commercial break (after clue 15):

Natalie Cary Ami
$3,200 $2,200 $1,400

Scores at the end of the Jeopardy! Round:

Natalie Cary Ami
$4,200 $6,200 $1,800

Double Jeopardy! Round responses

THE BOOK OF PALMS
HIS OWN MUSEUM
TREATIES
ABRUPT ABBREV.
FRANCE IN YOUR PANTS
ON BOXING DAY
    $400 14
Lord of the Flies

Natalie
    $400 1
Einstein

Ami
    $400 6
the Rio Grande

Ami
    $400 8
(Ami: What is Her Majesty's Schooner?)
(Cary: What is Her Majesty's Service?)

Her Majesty's Ship

NatalieCaryAmi
    $400 16
Grey Poupon

Natalie
    $400 22
Mike Tyson

Ami
    $800 15
(Cary: What is South Pacific?)
(Alex: Be more specific.)
(Cary: What is Islands of the South Pacific?)
(Ami: What is Tales from the South Pacific?)

Tales of the South Pacific

CaryAmi
Triple Stumper
    $800 2
Charles Schulz

Ami
    $800 7
the Warsaw Pact

Cary
    $800 9
a self-addressed stamped envelope

Ami
    $800 17
Chanel

Ami
    $800 26
Joe Louis

Cary
    $1200 21
The Mosquito Coast

Cary
    $1200 3
(Cary: Who are Bach and Hendrix?)

Handel and Hendrix

CaryAmi
    $1200 10
Florida

Cary
    $1200 11
(Cary: What is an electroencardiogram?)
(Natalie: What is an electroendocardiogram?)

an electroencephalogram

NatalieCary
Triple Stumper
    $1200 18
L'Oreal

Ami
    $1200 27
(Conor) McGregor

Natalie
    $1600 25
From Here to Eternity

Cary
    $1600 4
O. Henry

Cary
    $1600 23
(Alex: With less than a minute.)

a canal

Ami
    $1600 12
frequency modulation

Cary
    $1600 19
(Natalie: What is Versace?)

Vuarnet

Natalie
Triple Stumper
    $2000 5
(René) Magritte

Ami
    $2000 24
the Nuclear Test Ban Treaty

Triple Stumper
    $2,000 13
Queen's Counsel

Cary
    $2000 20
(Ami: What is Cartier?)
(Cary: What is, uh, Credit Suisse?)

Credit Lyonnais

CaryAmi
Triple Stumper

Scores at the end of the Double Jeopardy! Round:

Natalie Cary Ami
$3,800 $11,400 $8,200

[wagering suggestions for these scores]

Final Jeopardy! Round responses

CANADA
(Alex: As a result of the Gold Rush in that area.)
NatalieWhat is the Yukon Territory?
$0
AmiWhat is the Yukon Territory
$6,000
CaryWhat is The Yukon Territories?
$5,001
the Yukon Territory

Final scores:

Natalie Cary Ami
$3,800 $6,399 $14,200
3rd place: $1,000 2nd place: $2,000 New champion: $14,200

Game dynamics:

Coryat scores:

Natalie Cary Ami
$3,800 $11,400 $9,800
12 R,
3 W
20 R
(including 1 DD),
6 W
16 R,
4 W
(including 1 DD)

Combined Coryat: $25,000

The J! Archive is created by fans, for fans. The Jeopardy! game show and all elements thereof, including but not limited to copyright and trademark thereto, are the property of Jeopardy Productions, Inc. and are protected under law. This website is not affiliated with, sponsored by, or operated by Jeopardy Productions, Inc. Join the discussion at JBoard.tv.